| 000 | 00470nab a2200145Ia 4500 | ||
|---|---|---|---|
| 003 | ES-SlBCS | ||
| 005 | 20210601125303.0 | ||
| 008 | 140529s1998 xxu||||| |||| 00| 0 eng d | ||
| 041 | _aeng | ||
| 100 | 1 |
_aGibson, Martha I. _9156234 |
|
| 245 | 0 | 4 |
_aThe Unity of the Sentence and the Connection of Causes _c Martha I. Gibson |
| 650 | 0 | 4 |
_aSemántica-Frases _9156336 |
| 773 | 0 |
_tPhilosophy and Phenomenological Research _gvol. 58, 1998, págs. 827-845 _wRev1411 |
|
| 942 | _cAR | ||
| 999 |
_c527865 _d527865 |
||